000
00236nam a2200097Ia 4500
008
190216s9999||||xx |||||||||||||| ||und||
100
_a
Rajakumari A
245
0
_a
Fossil Sasya Shashthram
260
_b
Kerala Bhasha Institute
942
_c
BK
999
_c
40047
_d
40047